| 000 | 00435nam a2200181Ia 4500 | ||
|---|---|---|---|
| 005 | 20240823021159.0 | ||
| 008 | 240823s9999||||xx |||||||||||||| ||und|| | ||
| 041 | _aENGLISH | ||
| 082 | _A001 N3 | ||
| 100 | _a"Sharpe,Pamila J" | ||
| 245 | 0 | _aHow to prepare for the TOEFL | |
| 250 | _a6th | ||
| 260 |
_c1993 _b"Galgotia,New Delhi" |
||
| 500 | _aTRANSFERED | ||
| 650 |
_aGeneral Studies _bGeneral |
||
| 942 | _cBK | ||
| 999 |
_c176471 _d176471 |
||